000 00868nam a22002417a 4500
001 44102
003 BD-RjUL
005 20211209053812.0
008 160713s1964 pk ||||| |||| 00| 0 ben d
035 _a(BD-RjUL)44220
040 _aBD-RjUL
_bben
_cBD-RjUL
041 _aben
082 _223
_a297
_bSOR 1964
245 0 0 _aশরহে বেকায়া :
_bবাংলা তরজমা /
_cনুরুদ্দীন আহমদ অনূদিত
250 _a১ম সং.
260 _aঢাকা :
_bহামিদিয়া লাইব্রেরী,
_c১৯৬৪
300 _a খণ্ড ;
_c২১ সেমি.
505 0 _aখণ্ড ১ --
650 _aইসলাম
_9135414
650 _aIslam
_9135415
700 _aআহমদ, নুরুদ্দীন, অনূদিত
_9135416
942 _2ddc
_cBK
999 _c44102
_d44102